Máximos goleadores de la Bundesliga 2010-2011 - Estadísticas

Estadísticas generales
  • Esta prueba ha sido intentada 14 veces
  • La puntuación promedio es 2 de 10
Estadísticas de respuestas
Goles Nacionalidad Equipo Jugador % Correcto
28 Alemania Bayern de Múnich Mario Gómez
92%
13 España Schalke 04 Raúl González
75%
16 Paraguay Borussia Dortmund Lucas Barrios
25%
13 Alemania Colonia Lukas Podolski
8%
22 Senegal Friburgo Papiss Cissé
8%
16 Grecia Eintracht Fráncfort Theofanis Gekas
8%
15 Alemania Maguncia 05 André Schürrle
0%
14 Costa de Marfil Hannover 96 Didier Ya Konan
0%
17 Eslovenia Colonia Milivoje Novakovič
0%
16 Croacia Kaiserslautern Srđan Lakić
0%
No se encontraron pruebas coincidentes
Distribución de puntuación
Porcentaje de gente con cada puntuación
Porcentaje por número respondido
Historial de tus puntuaciones
No has intentado esta prueba.